wartosci pilkarzy - Statystyki

Ogólne statystyki
  • Ten quiz został rozwiązany 60 razy
  • Średni wynik to 8 z 15
Statystyki odpowiedzi
wartosc pilkarz % Poprawnych
1.200mln francja mbappe
100%
2.180mln brazylia neymar jr
95%
6.150mln argentyna lionel messi
93%
3.150mln egipt salah
88%
4.150mln anglia harry kane
86%
9.130mln belgia de bruyne
68%
10.120mln senegal mane
61%
5.150mln belgia hazard
58%
12.100mln francja dembele
42%
7.140mln anglia sterling
35%
8.130mln francja griezmann
28%
14.100mln francja kante
28%
15.100mln niemcy sane
19%
13.100mln portugalia silva
19%
11.100mln anglia sancho
18%
Nie znaleziono quizów pasujących do podanych kryteriów
Rozkład punktacji
Procent ludzi z każdym wynikiem
Percentyl według liczby udzielonych odpowiedzi
Twoja historia wyników
Nie rozwiązałeś tego quizu